[Event "Amager-ch"]
[Site "Amager"]
[Date "2015.09.29"]
[Round "6"]
[White "Sorensen, Johnny"]
[Black "Goschal, Theodor B"]
[Result "1/2-1/2"]
[WhiteElo "1318"]
[BlackElo "1095"]
[PlyCount "138"]
[EventDate "2015.08.18"]
[EventType "swiss"]
[EventRounds "7"]
[EventCountry "DEN"]
[SourceTitle "EXT 2023"]
[Source "ChessBase"]
[SourceDate "2022.10.05"]
[SourceVersion "1"]
[SourceVersionDate "2022.10.05"]
[SourceQuality "1"]

1. d4 d5 2. c4 e6 3. Nc3 c6 4. Nf3 Nd7 5. Bf4 Ngf6 6. Bg5 h6 7. Bh4 Be7 8. Qc2 dxc4 9. e3 b5 10. a3 Nd5 11. Bxe7 Qxe7 12. Nxd5 cxd5 13. g3 0-0 14. Bg2 Nf6 15. 0-0 Bb7 16. Nd2 a6 17. Rfe1 Rfc8 18. e4 dxe4 19. Nxe4 Nxe4 20. Bxe4 Bxe4 21. Rxe4 f5 22. Re5 Qf6 23. Rae1 Rc6 24. d5 exd5 25. Rxf5 Qd6 26. Rfe5 d4 27. Qe4 Rac8 28. Rd5 Qf6 29. Rxd4 Rc5 30. Qe3 Kh8 31. Re2 c3 32. bxc3 Rxc3 33. Rd3 Rxd3 34. Qxd3 Qa1+ 35. Kg2 Qf6 36. Qd5 Qc6 37. Qxc6 Rxc6 38. Re3 Rc4 39. Kf3 a5 40. Ke2 Kh7 41. Rb3 b4 42. Kd3 Rc1 43. axb4 axb4 44. Rxb4 Rh1 45. h4 h5 46. Ke3 g6 47. Rb6 Rg1 48. Kf4 Rf1 49. Kf3 Ra1 50. Kg2 Ra4 51. Kh1 Ra2 52. Kg2 Ra4 53. Rf6 Kg7 54. Rf4 Ra2 55. g4 hxg4 56. Rxg4 Kh6 57. Kg3 Kh5 58. Rg5+ Kh6 59. Re5 Ra3+ 60. Re3 Ra1 61. Kg4 Rg1+ 62. Rg3 Ra1 63. f4 Ra5 64. Rf3 Rf5 65. Re3 Ra5 66. Re5 Ra1 67. Re3 Rf1 68. Rf3 Rg1+ 69. Rg3 Rf1 1/2-1/2

[Event "Amager Aabne CC-ch D"]
[Site "Amager"]
[Date "2015.01.20"]
[Round "1"]
[White "Sorensen, Johnny"]
[Black "Madsen, Michael Leerberg"]
[Result "0-1"]
[WhiteElo "1221"]
[BlackElo "1282"]
[PlyCount "78"]
[EventDate "2015.01.20"]
[EventType "tourn"]
[EventRounds "7"]
[EventCountry "DEN"]
[SourceTitle "EXT 2023"]
[Source "ChessBase"]
[SourceDate "2022.10.05"]
[SourceVersion "1"]
[SourceVersionDate "2022.10.05"]
[SourceQuality "1"]

1. d4 Nf6 2. c4 c5 3. d5 b5 4. cxb5 a6 5. Qc2 d6 6. e4 g6 7. Nc3 Bg7 8. Nf3 0-0 9. Bd3 axb5 10. Bxb5 Nbd7 11. 0-0 Ng4 12. h3 Nh6 13. a4 f5 14. Ng5 Ne5 15. f4 Nef7 16. Nf3 fxe4 17. Nxe4 Nf5 18. Re1 Nd4 19. Nxd4 Bxd4+ 20. Be3 Bg7 21. Bd2 Nh6 22. Ra2 Nf5 23. Qd3 Qb6 24. Qc4 Nd4 25. Rea1 Nb3 26. Qxb3 c4+ 27. Qe3 Bd4 28. a5 Bxe3+ 29. Kh2 Qd4 30. Bxe3 Qxe3 31. Ng3 Rxf4 32. Ra3 Qe5 33. Bc6 Ra7 34. Rb1 Bf5 35. Nxf5 Rf1+ 36. Rg3 Rxb1 37. Nh6+ Kg7 38. Ng4 Rh1+ 39. Kxh1 Qxg3 0-1

[Event "Amager-ch B"]
[Site "Amager"]
[Date "2013.10.08"]
[Round "5"]
[White "Kinch, Peder"]
[Black "Sorensen, Johnny"]
[Result "1-0"]
[WhiteElo "1233"]
[BlackElo "1246"]
[PlyCount "83"]
[EventDate "2013.08.20"]
[EventType "swiss"]
[EventRounds "9"]
[EventCountry "DEN"]
[SourceTitle "EXT 2023"]
[Source "ChessBase"]
[SourceDate "2022.10.05"]
[SourceVersion "1"]
[SourceVersionDate "2022.10.05"]
[SourceQuality "1"]

1. f4 d5 2. Nf3 Nf6 3. b3 c5 4. e3 Nc6 5. Bb2 e6 6. c4 d4 7. exd4 cxd4 8. d3 Bc5 9. Be2 Qc7 10. g3 0-0 11. 0-0 Rd8 12. a3 a5 13. Nbd2 e5 14. Ng5 Bf5 15. fxe5 Qxe5 16. Ngf3 Qe3+ 17. Kg2 Qh6 18. Bc1 Bh3+ 19. Kg1 Ng4 20. Ne4 Ne3 21. Nxc5 Bxf1 22. Bxf1 Re8 23. Ne4 f5 24. Nf2 f4 25. Bxe3 fxe3 26. Ne4 Rf8 27. Bg2 Rae8 28. Qe2 Ne5 29. Nxd4 Rd8 30. Nc2 Rxd3 31. b4 Rfd8 32. Ne1 R3d4 33. Rc1 axb4 34. axb4 Rc8 35. Qb2 Qa6 36. Nc5 Rxc5 37. Qxd4 Rxc4 38. Bd5+ Nf7 39. Nd3 Qa2 40. Rf1 Rc7 41. Bxf7+ Rxf7 42. Qd8+ 1-0

[Event "Amager-ch B"]
[Site "Amager"]
[Date "2013.08.20"]
[Round "1"]
[White "Hansen, Benny"]
[Black "Sorensen, Johnny"]
[Result "1/2-1/2"]
[WhiteElo "1551"]
[BlackElo "1246"]
[PlyCount "40"]
[EventDate "2013.08.20"]
[EventType "swiss"]
[EventRounds "9"]
[EventCountry "DEN"]
[SourceTitle "EXT 2023"]
[Source "ChessBase"]
[SourceDate "2022.10.05"]
[SourceVersion "1"]
[SourceVersionDate "2022.10.05"]
[SourceQuality "1"]

1. d4 d5 2. c4 c6 3. Bf4 Nf6 4. Nc3 e6 5. e3 g6 6. Bd3 Bg7 7. h3 0-0 8. Nf3 Ne8 9. Ne5 Nd7 10. Nxd7 Bxd7 11. c5 Qe7 12. Qf3 f6 13. Qg3 e5 14. dxe5 fxe5 15. Bg5 Qxc5 16. 0-0 h6 17. Bxh6 e4 18. Bxg7 Nxg7 19. Be2 Bf5 20. Rac1 Qe7 1/2-1/2

[Event "Amager-ch"]
[Site "Amager"]
[Date "2011.10.11"]
[Round "6"]
[White "Larsen, Hans Haagen"]
[Black "Sorensen, Johnny"]
[Result "1-0"]
[WhiteElo "1618"]
[BlackElo "1233"]
[PlyCount "125"]
[EventDate "2011.08.30"]
[EventType "swiss"]
[EventRounds "7"]
[EventCountry "DEN"]
[SourceTitle "EXT 2023"]
[Source "ChessBase"]
[SourceDate "2022.10.05"]
[SourceVersion "1"]
[SourceVersionDate "2022.10.05"]
[SourceQuality "1"]

1. e4 d6 2. d4 Nf6 3. Nc3 g6 4. Bg5 Bg7 5. Qd2 0-0 6. 0-0-0 c6 7. Be2 b5 8. f3 Re8 9. g4 Qc7 10. h4 e5 11. h5 exd4 12. Nb1 d5 13. hxg6 fxg6 14. Bf4 Qe7 15. e5 Nfd7 16. Bg5 Qxe5 17. f4 Qd6 18. Bd3 Nc5 19. Qh2 Nxd3+ 20. Rxd3 Kf7 21. Nf3 Nd7 22. Nxd4 Nc5 23. Rdd1 Bxg4 24. Bh6 Bf6 25. Rd2 Re4 26. c3 Rae8 27. Bg5 Bg7 28. Rg2 Qd7 29. Bh6 Bf6 30. Qg3 Bh5 31. Nd2 Re3 32. N4f3 Ne4 33. Nxe4 Rxf3 34. Nxf6 Rxg3 35. Nxd7 Rxg2 36. Ne5+ Kf6 37. Nxc6 Ree2 38. Bg5+ Kf5 39. Ne5 Ke6 40. Nd3 Rc2+ 41. Kb1 Kd6 42. Bf6 Rcd2 43. Be5+ Ke6 44. Nc1 Rxb2+ 45. Ka1 Bf3 46. c4 Be4 47. Bxb2 bxc4 48. Bd4 Rg4 49. Rxh7 Rxf4 50. Rxa7 g5 51. Kb2 Rf3 52. Rg7 Rg3 53. a4 Kf5 54. a5 Kg4 55. a6 Rg2+ 56. Ka3 Rg3+ 57. Kb4 Rg1 58. Ne2 Rb1+ 59. Kc5 Rb3 60. a7 Ra3 61. Nc3 Ra5+ 62. Kb4 Bf5 63. Kxa5 1-0

[Event "Amager CC-ch"]
[Site "Amager"]
[Date "2011.03.22"]
[Round "6"]
[White "Hansen, Benny"]
[Black "Sorensen, Johnny"]
[Result "1-0"]
[WhiteElo "1407"]
[BlackElo "1244"]
[PlyCount "59"]
[EventDate "2011.01.25"]
[EventType "swiss"]
[EventRounds "7"]
[EventCountry "DEN"]
[SourceTitle "EXT 2023"]
[Source "ChessBase"]
[SourceDate "2022.10.05"]
[SourceVersion "1"]
[SourceVersionDate "2022.10.05"]
[SourceQuality "1"]

1. e4 g6 2. Nc3 Bg7 3. d3 Nc6 4. Be3 Nf6 5. Nf3 e5 6. Be2 d6 7. Qd2 0-0 8. h3 d5 9. exd5 Nxd5 10. Nxd5 Qxd5 11. c3 Rd8 12. Ng5 Bf5 13. Bf3 Qxd3 14. Qxd3 Rxd3 15. 0-0 Re8 16. Ne4 Rdd8 17. Bg5 Rd3 18. Nc5 Rxf3 19. gxf3 Bxh3 20. Rfe1 b6 21. Ne4 Be6 22. Nf6+ Bxf6 23. Bxf6 Bd5 24. Re3 Re6 25. Bh4 f5 26. f4 Be4 27. Bg3 exf4 28. Bxf4 Ne5 29. Bxe5 Rxe5 30. f3 1-0

[Event "Amager CC-ch"]
[Site "Amager"]
[Date "2011.01.25"]
[Round "1"]
[White "Raad, Mads Bonde"]
[Black "Sorensen, Johnny"]
[Result "1-0"]
[WhiteElo "1000"]
[BlackElo "1244"]
[PlyCount "81"]
[EventDate "2011.01.25"]
[EventType "swiss"]
[EventRounds "7"]
[EventCountry "DEN"]
[SourceTitle "EXT 2023"]
[Source "ChessBase"]
[SourceDate "2022.10.05"]
[SourceVersion "1"]
[SourceVersionDate "2022.10.05"]
[SourceQuality "1"]

1. d4 d5 2. c4 e6 3. e3 Nf6 4. Nf3 Nc6 5. Nc3 Bb4 6. Bd2 0-0 7. a3 Be7 8. Bd3 Qd7 9. c5 a6 10. 0-0 b6 11. cxb6 cxb6 12. Qc2 Qc7 13. Ne2 g6 14. Ng3 Bd6 15. Ne5 Nxe5 16. dxe5 Bxe5 17. Rac1 Qxc2 18. Rxc2 Bb7 19. Re1 Nd7 20. b4 Bd6 21. f4 e5 22. Rf1 Rfe8 23. e4 Nf6 24. fxe5 Bxe5 25. Bc3 Ng4 26. Bxe5 Ne3 27. Rc7 Nxf1 28. Bd4 Nxg3 29. Rxb7 Nxe4 30. Rxb6 a5 31. b5 Rec8 32. h3 Nd2 33. Rd6 Nc4 34. Rxd5 Nxa3 35. b6 Rd8 36. b7 Rab8 37. Rxd8+ Rxd8 38. Be5 Re8 39. b8Q Rxb8 40. Bxb8 f5 41. Bd6 1-0

[Event "Amager CC-ch"]
[Site "Amager"]
[Date "2010.03.09"]
[Round "5"]
[White "Sorensen, Johnny"]
[Black "Johansen, Erik"]
[Result "0-1"]
[WhiteElo "1275"]
[BlackElo "1508"]
[PlyCount "52"]
[EventDate "2010.01.19"]
[EventType "swiss"]
[EventRounds "7"]
[EventCountry "DEN"]
[SourceTitle "EXT 2023"]
[Source "ChessBase"]
[SourceDate "2022.10.05"]
[SourceVersion "1"]
[SourceVersionDate "2022.10.05"]
[SourceQuality "1"]

1. d4 Nf6 2. c4 e6 3. Nc3 b6 4. Nf3 Bb7 5. e3 Bb4 6. Bd2 0-0 7. Bd3 d6 8. 0-0 Nbd7 9. Re1 e5 10. a3 Bxc3 11. dxe5 Bxe5 12. Nxe5 Nxe5 13. Be2 Ne4 14. Bc1 f5 15. f3 Nc5 16. Rf1 Rf6 17. e4 f4 18. b4 Ne6 19. Bb2 Qe8 20. Bc3 Rg6 21. Rf2 Ng5 22. Kh1 h5 23. h4 Ne6 24. Be1 Qe7 25. Rf1 Rg3 26. Bxg3 fxg3 0-1

[Event "Amager CC-ch"]
[Site "Amager"]
[Date "2010.03.02"]
[Round "4"]
[White "Sorensen, Johnny"]
[Black "Larsen, Ulrik Jejlskov"]
[Result "1/2-1/2"]
[WhiteElo "1275"]
[BlackElo "1568"]
[PlyCount "86"]
[EventDate "2010.01.19"]
[EventType "swiss"]
[EventRounds "7"]
[EventCountry "DEN"]
[SourceTitle "EXT 2023"]
[Source "ChessBase"]
[SourceDate "2022.10.05"]
[SourceVersion "1"]
[SourceVersionDate "2022.10.05"]
[SourceQuality "1"]

1. d4 Nf6 2. c4 c5 3. d5 b5 4. Nc3 bxc4 5. e4 d6 6. Bxc4 Nbd7 7. Nf3 g6 8. Bf4 Bg7 9. 0-0 Rb8 10. Qe2 Qb6 11. b3 Ng4 12. Rac1 0-0 13. h3 Nge5 14. Nxe5 Nxe5 15. Na4 Qa5 16. Bd2 Qc7 17. Bc3 Bd7 18. Nb2 Nxc4 19. Bxg7 Kxg7 20. bxc4 Qa5 21. Nd3 e5 22. f4 exf4 23. Rxf4 Rbe8 24. Qb2+ Kg8 25. Rcf1 Qc7 26. Ne1 Re7 27. h4 Rfe8 28. Qf2 Bc8 29. Qe3 Ba6 30. Qe2 f5 31. h5 Rxe4 32. Qd2 Bxc4 33. Rxe4 fxe4 34. Rf6 e3 35. Qc3 Bxd5 36. hxg6 Qg7 37. gxh7+ Kxh7 38. Qd3+ Kh8 39. Rxd6 Bxg2 40. Nxg2 Qa1+ 41. Kh2 Qe5+ 42. Kg1 Qa1+ 43. Kh2 Qe5+ 1/2-1/2

[Event "Amager Guld B"]
[Site "Amager"]
[Date "2007.12.04"]
[Round "5"]
[White "Sorensen, Johnny"]
[Black "Herup, Charni"]
[Result "1/2-1/2"]
[WhiteElo "1354"]
[BlackElo "1219"]
[PlyCount "52"]
[EventDate "2007.10.23"]
[EventType "tourn"]
[EventRounds "5"]
[EventCountry "DEN"]
[SourceTitle "EXT 2023"]
[Source "ChessBase"]
[SourceDate "2022.10.05"]
[SourceVersion "1"]
[SourceVersionDate "2022.10.05"]
[SourceQuality "1"]

1. d4 Nc6 2. c4 d5 3. Nc3 e6 4. Nf3 Bb4 5. e3 Bxc3+ 6. bxc3 Nf6 7. Bd3 0-0 8. Qc2 h6 9. 0-0 Re8 10. Re1 e5 11. e4 dxe4 12. Bxe4 exd4 13. Bxc6 Rxe1+ 14. Nxe1 bxc6 15. Qd3 c5 16. Nc2 Bb7 17. cxd4 Be4 18. Qc3 Bxc2 19. Qxc2 cxd4 20. Qd3 c5 21. Bf4 Qe7 22. f3 Re8 23. Kf2 Nh5 24. Bd2 Qd6 25. g3 Nf6 26. Rb1 Qd7 1/2-1/2

[Event "Amager Guld B"]
[Site "Amager"]
[Date "2007.11.27"]
[Round "4"]
[White "Sorensen, Johnny"]
[Black "Larsen, Ulrik Jejlskov"]
[Result "0-1"]
[WhiteElo "1354"]
[BlackElo "1590"]
[PlyCount "56"]
[EventDate "2007.10.23"]
[EventType "tourn"]
[EventRounds "5"]
[EventCountry "DEN"]
[SourceTitle "EXT 2023"]
[Source "ChessBase"]
[SourceDate "2022.10.05"]
[SourceVersion "1"]
[SourceVersionDate "2022.10.05"]
[SourceQuality "1"]

1. Nc3 d5 2. e4 d4 3. Nce2 e5 4. g3 c5 5. d3 Nc6 6. f4 Bd6 7. Bg2 Nf6 8. fxe5 Nxe5 9. Nf3 Bg4 10. Nxe5 Bxe5 11. Bf4 Bxf4 12. gxf4 Nh5 13. 0-0 Qd7 14. Qe1 0-0-0 15. f5 g5 16. h3 Bxe2 17. Qxe2 Nf4 18. Qf3 h5 19. h4 Nxg2 20. Qxg2 gxh4 21. Qh3 Rdg8+ 22. Kh1 Qc7 23. Rg1 Qf4 24. Qh2 Qf3+ 25. Rg2 h3 26. Rag1 hxg2+ 27. Rxg2 Rg5 28. Kg1 Rhg8 0-1